000 00340 a2200157 4500
001 68059
020 _a9783126765244
040 _cAnchieta - Pituba
100 _aMotta, Giorgio
240 1 0 _aDeutsch echt einfach A1
_l
245 1 0 _aDeutsch echt einfach A1
300 _a84
362 0 _a2016
650 4 _aLíngua alemã
942 _cBK
999 _c68059
_d68059